[Event "4NCL"]
[Site "De Vere, Sunningdale, ENG"]
[Date "2011.02.19"]
[Round "5.32"]
[White "Healey, Michael W"]
[Black "Truran, Michael C"]
[Result "1/2-1/2"]
[WhiteElo "2069"]
[BlackElo "2195"]
[PlyCount "124"]
[EventDate "2011.??.??"]
[WhiteTeam "Oxford 2"]
[BlackTeam "Brown Jack"]

1. e4 c5 2. Nf3 d6 3. d4 cxd4 4. Nxd4 Nf6 5. Nc3 a6 6. Be2 e5 7. Nb3 Be6 8. O-O
Be7 9. f4 Qc7 10. Qe1 O-O 11. Qg3 Kh8 12. Be3 b5 13. fxe5 dxe5 14. Nd4 b4 15.
Na4 Nbd7 16. Bd3 Rfc8 17. Nxe6 fxe6 18. b3 Nc5 19. Nxc5 Bxc5 20. Rae1 Bxe3+ 21.
Qxe3 Qc5 22. Qxc5 Rxc5 23. a3 a5 24. Ra1 Rb8 25. axb4 Rxb4 26. Ra4 Rxa4 27.
bxa4 Kg8 28. Rb1 Kf8 29. Rb7 Ne8 30. Kf2 Nd6 31. Rb3 Ke7 32. Ke2 Kd7 33. Rb8
Ke7 34. Kd1 Rc8 35. Rb6 Rc3 36. Kc1 Rc7 37. Ra6 Rc5 38. Kb2 Ne8 39. Bb5 Nd6 40.
Ra7+ Kf6 41. Bd3 Nc4+ 42. Kb3 Nd2+ 43. Ka2 Nc4 44. g3 Nd2 45. h4 h5 46. Kb2
Nc4+ 47. Kc1 Nb6 48. Bb5 Nc4 49. Be8 Nd6 50. Bxh5 g6 51. Bf3 Rc3 52. g4 g5 53.
hxg5+ Kxg5 54. Be2 Nxe4 55. Rxa5 Kf4 56. Rb5 Ng3 57. Bd1 e4 58. Rb6 e3 59. Rxe6
Ra3 60. Kb2 Rxa4 61. Rf6+ Kg5 62. Re6 Kf4 1/2-1/2

[Event "4NCL"]
[Site "De Vere, Sunningdale, ENG"]
[Date "2011.02.19"]
[Round "5.32"]
[White "Bourne, Johnathan D"]
[Black "Hadi, Justin"]
[Result "1-0"]
[WhiteElo "2075"]
[BlackElo "2051"]
[PlyCount "117"]
[EventDate "2011.??.??"]
[WhiteTeam "Brown Jack"]
[BlackTeam "Oxford 2"]

1. e4 b6 2. d3 Bb7 3. Nf3 d6 4. g3 g6 5. Bg2 Bg7 6. O-O e6 7. c3 Ne7 8. Be3 Nd7
9. Nbd2 h6 10. Ne1 f5 11. f4 c5 12. Nc4 Nc8 13. Qe2 b5 14. exf5 Bxg2 15. Qxg2
d5 16. fxe6 bxc4 17. exd7+ Qxd7 18. Bxc5 Qc6 19. Ba3 Kf7 20. dxc4 Qxc4 21. Nf3
Re8 22. Ne5+ Bxe5 23. fxe5+ Kg7 24. Qf3 Qc7 25. Rae1 Nb6 26. Bd6 Qd7 27. Qd3
Re6 28. Rf6 Qe8 29. Ref1 Rxf6 30. Rxf6 Nd7 31. Rf1 Qe6 32. Qd4 h5 33. a4 a6 34.
Rd1 Re8 35. Qxd5 Nxe5 36. Qxe5+ Qxe5 37. Bxe5+ Rxe5 38. Kf2 Ra5 39. Rd4 Kf6 40.
Ke3 Re5+ 41. Kf3 Ra5 42. b3 Ke5 43. Ke3 Rc5 44. Kd3 Rc6 45. b4 Rf6 46. Re4+ Kd5
47. c4+ Kd6 48. c5+ Kd5 49. Rd4+ Ke5 50. Rf4 Rc6 51. Kc4 Rc8 52. b5 axb5+ 53.
axb5 Ra8 54. b6 Ra1 55. Rf2 Ke6 56. Rd2 Rb1 57. Rd6+ Kf5 58. Kd5 g5 59. Kc6 1-0

[Event "4NCL"]
[Site "De Vere, Sunningdale, ENG"]
[Date "2011.02.19"]
[Round "5.32"]
[White "Duggan, Christopher"]
[Black "Rabbitt, Michael"]
[Result "1-0"]
[WhiteElo "2030"]
[BlackElo "2020"]
[PlyCount "41"]
[EventDate "2011.??.??"]
[WhiteTeam "Oxford 2"]
[BlackTeam "Brown Jack"]

1. e4 e6 2. d4 d5 3. Nd2 Nc6 4. c3 dxe4 5. Nxe4 Nf6 6. Bd3 Be7 7. Nf3 Nxe4 8.
Bxe4 O-O 9. h4 f5 10. Bc2 Qd6 11. Ng5 Rf6 12. Qf3 h6 13. Bb3 Na5 14. Bf4 Qb6
15. Be5 Nxb3 16. axb3 hxg5 17. hxg5 Rg6 18. Rh8+ Kf7 19. Qh5 Bxg5 20. Bxg7 Kxg7
21. Qh7+ 1-0

[Event "4NCL"]
[Site "De Vere, Sunningdale, ENG"]
[Date "2011.02.19"]
[Round "5.33"]
[White "Pleasants, Allan J"]
[Black "Salimbeni, George PW"]
[Result "1-0"]
[WhiteElo "2056"]
[BlackElo "2159"]
[PlyCount "61"]
[EventDate "2011.??.??"]
[WhiteTeam "Wessex 2"]
[BlackTeam "Sussex Smart Controls"]

1. Nf3 Nf6 2. c4 e6 3. b3 Be7 4. Bb2 O-O 5. e3 b6 6. d4 Bb7 7. Bd3 d5 8. Nbd2
Nbd7 9. Rc1 Rc8 10. Qc2 c5 11. Qb1 dxc4 12. bxc4 Qc7 13. O-O Rfd8 14. Ne4 h6
15. Rfd1 Qb8 16. Nxf6+ Nxf6 17. Ne5 Qa8 18. f3 Bd6 19. Qc2 cxd4 20. exd4 Bxe5
21. dxe5 Nd7 22. Bh7+ Kh8 23. Rd6 Bd5 24. Qd2 Bc6 25. Bc2 Nc5 26. Rd1 Nb7 27.
Qd3 g6 28. Qe3 Kg7 29. Qf4 Be8 30. Qf6+ Kh7 31. Be4 1-0

[Event "4NCL"]
[Site "De Vere, Sunningdale, ENG"]
[Date "2011.02.19"]
[Round "5.33"]
[White "Graham, David B"]
[Black "Furjel, Andrej"]
[Result "1/2-1/2"]
[WhiteElo "2205"]
[BlackElo "2031"]
[PlyCount "36"]
[EventDate "2011.??.??"]
[WhiteTeam "Sussex Smart Controls"]
[BlackTeam "Wessex 2"]

1. e4 c6 2. d4 d5 3. e5 Bf5 4. Nf3 e6 5. Be2 Ne7 6. O-O Bg6 7. b3 Nf5 8. c4 Be7
9. Ba3 O-O 10. Qd2 Bxa3 11. Nxa3 Qe7 12. Nc2 Nd7 13. c5 f6 14. b4 Bh5 15. exf6
gxf6 16. Ne3 Ng7 17. Rfe1 e5 18. Rad1 e4 1/2-1/2

[Event "4NCL"]
[Site "De Vere, Sunningdale, ENG"]
[Date "2011.02.19"]
[Round "5.33"]
[White "de Coverly, Roger D"]
[Black "Grant, David J"]
[Result "1-0"]
[WhiteElo "2065"]
[BlackElo "2095"]
[PlyCount "121"]
[EventDate "2011.??.??"]
[WhiteTeam "Wessex 2"]
[BlackTeam "Sussex Smart Controls"]

1. e4 c5 2. Nf3 e6 3. d4 cxd4 4. Nxd4 Nf6 5. Nc3 Nc6 6. Ndb5 Bb4 7. a3 Bxc3+ 8.
Nxc3 d5 9. exd5 exd5 10. Bg5 Be6 11. Bd3 h6 12. Bh4 O-O 13. O-O Ne5 14. Re1
Ned7 15. Bg3 Qb6 16. Nb5 Rac8 17. Nd6 Rc6 18. Nf5 Kh8 19. b4 a6 20. Qd2 Ne4 21.
Bxe4 dxe4 22. Nd4 Rc4 23. Rxe4 Nf6 24. Rh4 Rd8 25. c3 Qc6 26. Qe2 Rdxd4 27.
Rxd4 Rxc3 28. Be5 Rc2 29. Rd8+ Kh7 30. Qd3+ Ne4 31. Rd1 Bf5 32. Qd5 Qxd5 33.
R8xd5 Nxf2 34. R1d2 Rxd2 35. Rxd2 Ng4 36. Bd4 Be4 37. h3 Nf6 38. Bxf6 gxf6 39.
Kf2 Kg6 40. Ke3 Bc6 41. Kf4 f5 42. g3 h5 43. h4 Be4 44. Rd6+ f6 45. Rd7 Bc6 46.
Rc7 Bg2 47. a4 Bc6 48. a5 Be4 49. Rc5 Bd3 50. Ke3 Bf1 51. Kd4 Bg2 52. Rc2 Be4
53. Rf2 Bc6 54. Kc5 Be4 55. Kb6 Bc6 56. Rc2 Be4 57. Rc7 f4 58. gxf4 Kf5 59.
Rxb7 Bxb7 60. Kxb7 Kxf4 61. b5 1-0

[Event "4NCL"]
[Site "De Vere, Sunningdale, ENG"]
[Date "2011.02.19"]
[Round "5.33"]
[White "Payne, Matthew J"]
[Black "Gregory, Keith DF"]
[Result "0-1"]
[WhiteElo "1874"]
[BlackElo "2062"]
[PlyCount "56"]
[EventDate "2011.??.??"]
[WhiteTeam "Sussex Smart Controls"]
[BlackTeam "Wessex 2"]

1. e4 d6 2. Nc3 e5 3. f4 Nf6 4. Nf3 Nbd7 5. d4 c6 6. Bc4 Qa5 7. Ng5 d5 8. fxe5
dxc4 9. exf6 gxf6 10. O-O fxg5 11. Qh5 Ne5 12. dxe5 Be6 13. Bxg5 h6 14. Qh4
Qb6+ 15. Kh1 Qxb2 16. Ne2 Rg8 17. Be3 Be7 18. Qf2 Qxc2 19. Rfc1 Qxe4 20. Ng3
Qg6 21. Bxa7 h5 22. Rab1 h4 23. Rxb7 Bd5 24. Bc5 Bd8 25. Ne2 Rxa2 26. Nf4 Rxf2
27. Nxg6 Rxg2 28. Nf4 Rg1# 0-1

[Event "4NCL"]
[Site "De Vere, Sunningdale, ENG"]
[Date "2011.02.19"]
[Round "5.33"]
[White "Taylor-Bowd, Philip J"]
[Black "Yates, Christopher"]
[Result "1/2-1/2"]
[WhiteElo "2033"]
[BlackElo "1882"]
[PlyCount "71"]
[EventDate "2011.??.??"]
[WhiteTeam "Wessex 2"]
[BlackTeam "Sussex Smart Controls"]

1. e4 c5 2. Nc3 Nc6 3. Bb5 Nd4 4. Bc4 g6 5. Nge2 Bg7 6. Nxd4 cxd4 7. Qf3 e6 8.
Nb5 d6 9. Qa3 Bf8 10. Nxd4 d5 11. Bb5+ Bd7 12. Qa4 dxe4 13. O-O Bg7 14. Ne2
Bxb5 15. Qxb5+ Qd7 16. Qxd7+ Kxd7 17. Nc3 f5 18. d3 exd3 19. Rd1 Ne7 20. Rxd3+
Kc6 21. Bg5 Nd5 22. Nxd5 exd5 23. Rad1 d4 24. c3 h6 25. Bd2 Rhe8 26. cxd4 Kd5
27. Bc3 Re2 28. Kf1 Rae8 29. f3 Bf6 30. R3d2 Rxd2 31. Rxd2 b5 32. Kf2 h5 33.
Rd3 Bh4+ 34. g3 Bg5 35. Rd1 Bf6 36. Rd3 1/2-1/2

[Event "4NCL"]
[Site "De Vere, Sunningdale, ENG"]
[Date "2011.02.19"]
[Round "5.34"]
[White "Pugh, Derek C"]
[Black "Jones, Victor GL"]
[Result "0-1"]
[WhiteElo "2050"]
[BlackElo "2119"]
[PlyCount "114"]
[EventDate "2011.??.??"]
[WhiteTeam "Bristol 2"]
[BlackTeam "KJCA Kings"]

1. e4 e6 2. Nc3 d5 3. d4 Bb4 4. Bd3 dxe4 5. Bxe4 Nf6 6. Bf3 O-O 7. Nge2 e5 8.
O-O Bxc3 9. Nxc3 exd4 10. Nb5 c5 11. Bf4 Ne8 12. Re1 Nc6 13. c3 a6 14. Rxe8
Rxe8 15. Nc7 Qf6 16. Bg3 Bd7 17. Nxa8 Rxa8 18. Qb3 Na5 19. Qd5 Qf5 20. cxd4
Qxd5 21. Bxd5 cxd4 22. Rd1 Rc8 23. f3 Be6 24. Rxd4 Rc1+ 25. Kf2 Rc2+ 26. Ke3
Rxb2 27. Be1 b6 28. Bxe6 fxe6 29. Bxa5 bxa5 30. Ra4 Rxg2 31. Rxa5 Rxh2 32. Rxa6
Kf7 33. Kf4 Rh1 34. Kg4 Kf6 35. Ra5 g6 36. a4 Rg1+ 37. Kh3 e5 38. Rb5 Kf5 39.
Rb4 h5 40. Kh2 Ra1 41. Kg2 Ra2+ 42. Kg3 g5 43. Kh3 h4 44. Rc4 Rf2 45. Rc3 Kf4
46. a5 Ra2 47. Rc5 Ra3 48. Kg2 Rxf3 49. Rc4+ e4 50. Ra4 h3+ 51. Kh2 Rf2+ 52.
Kh1 g4 53. a6 Rf1+ 54. Kh2 Rf2+ 55. Kh1 g3 56. Ra1 g2+ 57. Kg1 Kg3 0-1

[Event "4NCL"]
[Site "De Vere, Sunningdale, ENG"]
[Date "2011.02.19"]
[Round "5.34"]
[White "Foord, Dominic"]
[Black "Humphreys, Jerry G"]
[Result "1/2-1/2"]
[WhiteElo "2045"]
[BlackElo "2066"]
[PlyCount "156"]
[EventDate "2011.??.??"]
[WhiteTeam "KJCA Kings"]
[BlackTeam "Bristol 2"]

1. d4 Nf6 2. c4 g6 3. Nc3 d5 4. cxd5 Nxd5 5. e4 Nxc3 6. bxc3 Bg7 7. Nf3 c5 8.
Rb1 O-O 9. Be2 Bg4 10. Rxb7 cxd4 11. cxd4 Bxf3 12. Bxf3 Bxd4 13. O-O Nc6 14.
Qa4 Qc8 15. Rb3 Qe6 16. e5 Rac8 17. Bxc6 Qxc6 18. Qxd4 Qxc1 19. Qxa7 Rfd8 20.
Qb7 Rc2 21. Rb1 Qa3 22. e6 Rxa2 23. exf7+ Kxf7 24. Rb3 Qa6 25. Rf3+ Kg8 26.
Qb3+ e6 27. Qb1 Rad2 28. Re3 Qd6 29. Ree1 Qd5 30. Qa1 Kf7 31. Rc1 Qd6 32. Rb1
Qd5 33. h3 e5 34. Qa7+ Rd7 35. Qe3 Kg7 36. Qg3 Rd3 37. Qg5 h6 38. Qc1 Rd2 39.
Qa3 Rd3 40. Qa4 Qd4 41. Qa5 Qc3 42. Qa8 Qc7 43. Rfe1 Rd2 44. Rf1 Qa7 45. Qc6
Qc7 46. Qe6 Qd6 47. Qe8 Qe7 48. Qc8 Rc7 49. Qa6 Rcd7 50. Rb6 R2d6 51. Re1 Rxb6
52. Qxb6 Qf6 53. Qb2 Re7 54. Re3 Qf4 55. Rf3 Qd4 56. Qb8 Rf7 57. Re3 Re7 58.
Qb1 Rd7 59. Qe1 Qd1 60. Rxe5 Qxe1+ 61. Rxe1 Kf6 62. g3 Rd3 63. Kg2 Ra3 64. Re3
Ra2 65. Kf3 Ra4 66. Kg2 Ra2 67. Kf3 Ra4 68. Re2 Rb4 69. Kg2 Ra4 70. Rb2 Ra3 71.
Rb4 Rc3 72. Rb8 Ra3 73. Rb5 Rc3 74. h4 h5 75. Rg5 Rc2 76. Kf3 Ra2 77. Ke3 Ra3+
78. Kd4 Rf3 1/2-1/2

[Event "4NCL"]
[Site "De Vere, Sunningdale, ENG"]
[Date "2011.02.19"]
[Round "5.34"]
[White "Dunlop, Neil J"]
[Black "Jones, William EG"]
[Result "1-0"]
[WhiteElo "1923"]
[BlackElo "2115"]
[PlyCount "73"]
[EventDate "2011.??.??"]
[WhiteTeam "Bristol 2"]
[BlackTeam "KJCA Kings"]

1. e4 c5 2. Nc3 a6 3. a4 Nc6 4. g3 g6 5. Bg2 Bg7 6. d3 d6 7. Nge2 e6 8. Be3 Nd4
9. Qd2 Qa5 10. Bxd4 cxd4 11. Nd1 Qb6 12. c3 dxc3 13. Ndxc3 Ne7 14. O-O Qa5 15.
Rfc1 O-O 16. Rc2 Nc6 17. Rd1 Qb6 18. Ra1 f5 19. Nd1 Bd7 20. Ne3 fxe4 21. dxe4
Nd4 22. a5 Nxe2+ 23. Qxe2 Qb4 24. Rc4 Qxb2 25. Qxb2 Bxb2 26. Rb1 Bb5 27. Rxb2
Bxc4 28. Nxc4 Rac8 29. Nxd6 Rc1+ 30. Bf1 Ra1 31. Rxb7 Rxa5 32. Bc4 Rf6 33. Ne8
Rf8 34. Bxe6+ Kh8 35. Nd6 Ra1+ 36. Kg2 Rd1 37. Nf7+ 1-0

[Event "4NCL"]
[Site "De Vere, Sunningdale, ENG"]
[Date "2011.02.19"]
[Round "5.34"]
[White "Maguire, Robert"]
[Black "Bromilow, Edward T"]
[Result "1-0"]
[WhiteElo "1925"]
[BlackElo "1930"]
[PlyCount "85"]
[EventDate "2011.??.??"]
[WhiteTeam "KJCA Kings"]
[BlackTeam "Bristol 2"]

1. e4 c6 2. c4 d5 3. exd5 cxd5 4. cxd5 Nf6 5. Qa4+ Bd7 6. Qb3 Qb6 7. Bc4 Qxb3
8. Bxb3 Na6 9. Nc3 Nc5 10. Bc2 O-O-O 11. d4 Na6 12. a3 g6 13. Nf3 Be8 14. Bf4
Nc7 15. Rc1 Nh5 16. Be3 Nf6 17. Bb3 a6 18. h3 h5 19. O-O Bh6 20. Rfe1 Kd7 21.
Ne5+ Kd6 22. Nc4+ Kd7 23. Nb6+ Kd6 24. Bxh6 Rxh6 25. Re3 Nb5 26. Nxb5+ Bxb5 27.
Nc8+ Rxc8 28. Rxc8 Bd7 29. Rb8 Kc7 30. Rf8 Kd6 31. Rxf7 Rh7 32. Rexe7 Rxf7 33.
Rxf7 Ne4 34. Rg7 g5 35. f3 Nd2 36. Ba2 g4 37. hxg4 hxg4 38. Kf2 gxf3 39. gxf3
Bb5 40. Rxb7 Nc4 41. Rxb5 axb5 42. Bxc4 bxc4 43. Ke3 1-0

[Event "4NCL"]
[Site "De Vere, Sunningdale, ENG"]
[Date "2011.02.19"]
[Round "5.34"]
[White "Hardy, Roger"]
[Black "Bayliss, Lyall CP"]
[Result "1-0"]
[WhiteElo "1977"]
[BlackElo "1963"]
[PlyCount "31"]
[EventDate "2011.??.??"]
[WhiteTeam "Bristol 2"]
[BlackTeam "KJCA Kings"]

1. e4 e5 2. Nf3 Nc6 3. d4 exd4 4. Bc4 Nf6 5. e5 Qe7 6. O-O Nxe5 7. Nxe5 d5 8.
Bb5+ c6 9. Nxc6 Qc5 10. Nxd4+ Kd8 11. Nc3 Bd6 12. Bg5 h6 13. Bxf6+ gxf6 14. Nb3
Qb6 15. Qxd5 Be6 16. Qd4 1-0

[Event "4NCL"]
[Site "De Vere, Sunningdale, ENG"]
[Date "2011.02.19"]
[Round "5.34"]
[White "Gahir, Jasdeep"]
[Black "Meadows, Michael"]
[Result "1-0"]
[WhiteElo "1839"]
[BlackElo "1834"]
[PlyCount "131"]
[EventDate "2011.??.??"]
[WhiteTeam "KJCA Kings"]
[BlackTeam "Bristol 2"]

1. e4 c5 2. Nf3 d6 3. d4 cxd4 4. Nxd4 Nf6 5. Nc3 a6 6. Bg5 e6 7. f4 Qb6 8. Qd2
Qxb2 9. Rb1 Qa3 10. e5 dxe5 11. fxe5 h6 12. Bh4 g5 13. Bxg5 hxg5 14. exf6 Qa5
15. Qe3 Bd6 16. Nb3 Qe5 17. Qxe5 Bxe5 18. Ne4 Rxh2 19. Rxh2 Bxh2 20. Nxg5 Be5
21. Ne4 Nd7 22. Nbc5 Nxc5 23. Nxc5 b5 24. Ne4 Bb7 25. Bd3 O-O-O 26. Nc5 Rg8 27.
Nxb7 Kxb7 28. a4 Bc3+ 29. Kf1 b4 30. Rd1 Rg4 31. Be2 Rf4+ 32. Bf3+ Kc7 33. Ke2
Rxf6 34. Rh1 Rf5 35. Rh7 Kd6 36. g4 Re5+ 37. Kd3 Ke7 38. Rh5 f5 39. gxf5 exf5
40. Rh6 f4 41. Be4 Rg5 42. Bf3 a5 43. Rh5 Rg3 44. Ke4 Bd2 45. Rxa5 b3 46. Ra7+
Kd6 47. cxb3 Kc5 48. Rd7 Be3 49. Rd5+ Kb4 50. Rb5+ Kc3 51. a5 Rg6 52. Be2 Kd2
53. Bc4 Kc3 54. Rb7 Rg1 55. a6 Ra1 56. Be2 Bd2 57. b4 Be3 58. b5 Ra2 59. Kf3
Kb4 60. b6 Ra3 61. Ke4 f3 62. Bf1 Bc5 63. a7 Ra4 64. Kxf3 Ra3+ 65. Ke4 Bd6 66.
Rb8 1-0

[Event "4NCL"]
[Site "De Vere, Sunningdale, ENG"]
[Date "2011.02.19"]
[Round "5.35"]
[White "Ociepka, Adrian"]
[Black "Brown, Alan M"]
[Result "1-0"]
[WhiteElo "2170"]
[BlackElo "2092"]
[PlyCount "107"]
[EventDate "2011.??.??"]
[WhiteTeam "Hackney"]
[BlackTeam "FCA Solutions 1"]

1. e4 e6 2. d4 d5 3. Nc3 Bb4 4. e5 b6 5. Qg4 Bf8 6. h4 Ba6 7. Bxa6 Nxa6 8. h5
Nb4 9. Bg5 Nh6 10. Qf4 Be7 11. Bxe7 Qxe7 12. O-O-O O-O-O 13. Kb1 Rhf8 14. Nf3
f6 15. exf6 Rxf6 16. Qd2 Nc6 17. Rde1 Nf5 18. Re2 Qb4 19. a3 Qf8 20. Ka2 Kb7
21. b3 a6 22. Kb2 h6 23. Rhe1 Qf7 24. Ne5 Qe8 25. Nxc6 Qxc6 26. Re5 Rdf8 27. g3
Nd6 28. f4 Nf5 29. Qd3 Qd7 30. R1e2 Qf7 31. Rh2 Ne7 32. Re1 Nc6 33. Nb1 Rf5 34.
Reh1 Qf6 35. c3 Qf7 36. Nd2 Qe8 37. Nf3 Qf7 38. Qe3 Qd7 39. Ne1 Na5 40. Qe2 c5
41. Nf3 c4 42. b4 Nc6 43. Nh4 R5f6 44. Ng6 Rc8 45. Re1 Nd8 46. Qd2 Nf7 47. Ne5
Nxe5 48. Rxe5 a5 49. Rh1 axb4 50. axb4 Ra8 51. Ree1 Rff8 52. Ra1 Qf7 53. Qe2
Qd7 54. Rhe1 1-0

[Event "4NCL"]
[Site "De Vere, Sunningdale, ENG"]
[Date "2011.02.19"]
[Round "5.35"]
[White "Tippleston, Charles E"]
[Black "Reid, John"]
[Result "1-0"]
[WhiteElo "2150"]
[BlackElo "2035"]
[PlyCount "99"]
[EventDate "2011.??.??"]
[WhiteTeam "FCA Solutions 1"]
[BlackTeam "Hackney"]

1. e4 c5 2. c3 d6 3. d4 Nf6 4. Bd3 g6 5. dxc5 dxc5 6. e5 Ng4 7. Bb5+ Nc6 8.
Qxd8+ Kxd8 9. f4 Kc7 10. Nf3 f6 11. h3 Nh6 12. O-O Nf7 13. Bc4 Ncd8 14. Re1 f5
15. a4 Be6 16. Na3 Rg8 17. Be3 Bxc4 18. Nxc4 Ne6 19. h4 h6 20. Kf2 Rd8 21. g3
g5 22. Rad1 gxf4 23. Bxf4 Rxd1 24. Rxd1 Nxf4 25. gxf4 Rg4 26. Ne3 Rg8 27. Nxf5
e6 28. Ne3 Kc6 29. h5 b6 30. Rg1 Rxg1 31. Nxg1 a6 32. Kf3 b5 33. axb5+ axb5 34.
Ke4 Kd7 35. Nf3 Nd8 36. Nh4 c4 37. Ng6 Bc5 38. Ng4 Nf7 39. Nh4 Ke8 40. Nf3 Kd7
41. Nd4 Bxd4 42. Kxd4 Kc6 43. Ne3 Nd8 44. Nc2 Nb7 45. Ne3 Nd8 46. Ke4 Nf7 47.
Nc2 Nd8 48. f5 Kc5 49. Nd4 exf5+ 50. Kxf5 1-0

[Event "4NCL"]
[Site "De Vere, Sunningdale, ENG"]
[Date "2011.02.19"]
[Round "5.35"]
[White "Walker, Nicholas P"]
[Black "Habershon, Paul F"]
[Result "1-0"]
[WhiteElo "2074"]
[BlackElo "2114"]
[PlyCount "49"]
[EventDate "2011.??.??"]
[WhiteTeam "Hackney"]
[BlackTeam "FCA Solutions 1"]

1. e4 Nf6 2. Nc3 d6 3. d4 g6 4. Be3 Bg7 5. Nf3 c6 6. a4 O-O 7. Be2 Bg4 8. O-O
Nbd7 9. Ra3 Qc7 10. Qd2 Rfe8 11. Ng5 Bxe2 12. Qxe2 h6 13. Nf3 e5 14. dxe5 dxe5
15. h3 Bf8 16. Raa1 Nc5 17. Qc4 Ne6 18. a5 Red8 19. b4 Rd7 20. Rad1 b6 21. axb6
axb6 22. Rxd7 Nxd7 23. Rd1 b5 24. Nxb5 Qb7 25. Nd6 1-0

[Event "4NCL"]
[Site "De Vere, Sunningdale, ENG"]
[Date "2011.02.19"]
[Round "5.35"]
[White "Freeman, Richard CP"]
[Black "Tasker, Michael W"]
[Result "1/2-1/2"]
[WhiteElo "2039"]
[BlackElo "2085"]
[PlyCount "35"]
[EventDate "2011.??.??"]
[WhiteTeam "FCA Solutions 1"]
[BlackTeam "Hackney"]

1. c4 g6 2. g3 Bg7 3. Bg2 c5 4. Nc3 Nc6 5. e4 d6 6. Nge2 Nf6 7. d3 O-O 8. O-O
a6 9. h3 Rb8 10. a4 Ne8 11. Be3 Nd4 12. Rb1 Nc7 13. b4 Nce6 14. bxc5 Nxe2+ 15.
Nxe2 dxc5 16. f4 Nd4 17. e5 Nxe2+ 18. Qxe2 1/2-1/2

[Event "4NCL"]
[Site "De Vere, Sunningdale, ENG"]
[Date "2011.02.19"]
[Round "5.35"]
[White "Rogers, Tim E"]
[Black "Kendall, Paul SN"]
[Result "1-0"]
[WhiteElo "2019"]
[BlackElo "2059"]
[PlyCount "109"]
[EventDate "2011.??.??"]
[WhiteTeam "Hackney"]
[BlackTeam "FCA Solutions 1"]

1. e4 c5 2. Nf3 g6 3. d4 cxd4 4. Nxd4 Bg7 5. c4 Nc6 6. Be3 Nf6 7. Nc3 O-O 8.
Be2 d6 9. O-O Nxd4 10. Bxd4 Bd7 11. f4 Bc6 12. Bf3 a5 13. Rc1 Rc8 14. Qd2 Nd7
15. Bxg7 Kxg7 16. Bg4 Qb6+ 17. Kh1 f5 18. Bf3 Nf6 19. Nd5 Bxd5 20. exd5 Qc5 21.
a3 a4 22. Qb4 Qa7 23. Rc3 Rc7 24. Bd1 Ne4 25. Rc2 Rfc8 26. Bf3 Qd4 27. Bxe4
Qxe4 28. Rfc1 Qxf4 29. Qxa4 Kf6 30. Qb4 g5 31. Qc3+ Kg6 32. a4 Rc5 33. Qd3 Qe4
34. Qxe4 fxe4 35. b3 e6 36. dxe6 Kf6 37. Re2 d5 38. Rf1+ Kxe6 39. cxd5+ Kxd5
40. Rd1+ Ke5 41. Rde1 Rc3 42. Rxe4+ Kf5 43. g4+ Kg6 44. Re6+ Kf7 45. Re7+ Kf8
46. Rxb7 Rd8 47. a5 Rd2 48. a6 Rcc2 49. Rxh7 Kg8 50. Rh5 Ra2 51. Rxg5+ Kf7 52.
Rf1+ Ke7 53. Rg7+ Ke8 54. Rh7 Rxa6 55. Rc1 1-0

[Event "4NCL"]
[Site "De Vere, Sunningdale, ENG"]
[Date "2011.02.19"]
[Round "5.35"]
[White "Elwin, Adrian G"]
[Black "Vives, Pepe"]
[Result "1-0"]
[WhiteElo "1990"]
[BlackElo "1930"]
[PlyCount "73"]
[EventDate "2011.??.??"]
[WhiteTeam "FCA Solutions 1"]
[BlackTeam "Hackney"]

1. d4 d5 2. c4 e6 3. Nc3 Be7 4. Nf3 Nf6 5. Bg5 h6 6. Bxf6 Bxf6 7. e3 O-O 8. Rc1
c6 9. Bd3 Nd7 10. O-O Re8 11. e4 e5 12. dxe5 Nxe5 13. cxd5 Bg4 14. Be2 cxd5 15.
exd5 Rc8 16. Nxe5 Bxe2 17. Qxe2 Bxe5 18. Qd2 Rc5 19. Rfe1 Qb8 20. f4 Bc7 21.
Rxe8+ Qxe8 22. Re1 Qd7 23. Qe3 Kh7 24. b4 Rxc3 25. Qxc3 Bb6+ 26. Kh1 Qxd5 27.
a4 a5 28. bxa5 Bxa5 29. Qc2+ g6 30. Qe4 Qd2 31. Rb1 b6 32. f5 h5 33. fxg6+ fxg6
34. Rf1 Qd7 35. Qc4 Kh6 36. Qf4+ Kh7 37. Qf8 1-0

[Event "4NCL"]
[Site "De Vere, Sunningdale, ENG"]
[Date "2011.02.19"]
[Round "5.36"]
[White "Scott, Gordon W"]
[Black "Crombleholme, Alan K"]
[Result "1-0"]
[WhiteElo "2026"]
[BlackElo "2109"]
[PlyCount "87"]
[EventDate "2011.??.??"]
[WhiteTeam "Anglian Avengers 2"]
[BlackTeam "Iceni"]

1. e4 d6 2. d4 Nf6 3. Nc3 g6 4. Be3 c6 5. Nf3 b5 6. e5 Ng4 7. Bf4 Bg7 8. exd6
exd6 9. Ne4 O-O 10. Nxd6 Na6 11. Nxc8 Qxc8 12. Be2 Qf5 13. Bg3 Nb4 14. O-O Qxc2
15. Qxc2 Nxc2 16. Rac1 Nb4 17. a3 Rfe8 18. Rfe1 Nd5 19. Rxc6 b4 20. Bc4 Rxe1+
21. Nxe1 Nb6 22. Nf3 bxa3 23. bxa3 Bf8 24. h3 Nh6 25. Bf4 Nf5 26. Bb3 Ne7 27.
Rc2 Ned5 28. Bc1 a5 29. a4 Ra7 30. Rc6 Kg7 31. Ne5 Rb7 32. Bd2 f6 33. Nd3 Ne7
34. Rc1 Nd7 35. Be6 Nf5 36. Bxf5 gxf5 37. Nc5 Ra7 38. Ne6+ Kf7 39. Nxf8 Nxf8
40. Rc5 Ne6 41. Rxf5 Nxd4 42. Rxa5 Rd7 43. Be3 Ne2+ 44. Kh2 1-0

[Event "4NCL"]
[Site "De Vere, Sunningdale, ENG"]
[Date "2011.02.19"]
[Round "5.36"]
[White "Reynolds, D Ian W"]
[Black "Bucknell, Malcolm G"]
[Result "1-0"]
[WhiteElo "2044"]
[BlackElo "1956"]
[PlyCount "133"]
[EventDate "2011.??.??"]
[WhiteTeam "Iceni"]
[BlackTeam "Anglian Avengers 2"]

1. e4 c6 2. d4 d5 3. e5 c5 4. dxc5 Nc6 5. Nf3 Bg4 6. Bb5 e6 7. Be3 Qa5+ 8. Nc3
Nge7 9. a3 Nf5 10. b4 Qc7 11. Bd4 a6 12. Bxc6+ bxc6 13. Ne2 g6 14. Ng3 Nxd4 15.
Qxd4 Bxf3 16. gxf3 Bg7 17. f4 O-O 18. O-O f6 19. Rae1 fxe5 20. fxe5 Rf3 21. Re3
Raf8 22. Qg4 Rxe3 23. Qxe6+ Qf7 24. Qxf7+ Rxf7 25. fxe3 Re7 26. Ne2 Bh6 27. Rf3
Rxe5 28. Kf2 Rh5 29. h3 Bg7 30. c3 Rh4 31. Nd4 Bxd4 32. exd4 Kg7 33. Ke3 h5 34.
Kd3 g5 35. Kc2 g4 36. hxg4 hxg4 37. Rg3 Kf6 38. Kb3 Kf5 39. Ka4 Rh3 40. Rg1 Kf4
41. Ka5 Rg3 42. Rxg3 Kxg3 43. Kxa6 Kf3 44. b5 cxb5 45. c6 g3 46. c7 g2 47. c8=Q
g1=Q 48. Qf5+ Ke3 49. Qxd5 Qa1 50. Qc5 Ke4 51. Qb4 Qa2 52. Kxb5 Qd5+ 53. Qc5
Qb3+ 54. Ka5 Qg8 55. a4 Qa8+ 56. Kb4 Kd3 57. d5 Kc2 58. c4 Kb2 59. Qb6 Kc2 60.
d6 Qe4 61. Qc7 Qe1+ 62. Kb5 Kb3 63. a5 Qe5+ 64. c5 Qd5 65. d7 Qc4+ 66. Kb6 Qb4+
67. Ka7 1-0

[Event "4NCL"]
[Site "De Vere, Sunningdale, ENG"]
[Date "2011.02.19"]
[Round "5.36"]
[White "Wallis, Ian J"]
[Black "Ruthen, Stephen W"]
[Result "1-0"]
[WhiteElo "1977"]
[BlackElo "2066"]
[PlyCount "61"]
[EventDate "2011.??.??"]
[WhiteTeam "Anglian Avengers 2"]
[BlackTeam "Iceni"]

1. e4 e5 2. Nf3 Nc6 3. Bb5 Nd4 4. Nxd4 exd4 5. O-O Bc5 6. d3 c6 7. Ba4 Ne7 8.
f4 f5 9. Bb3 d5 10. exd5 cxd5 11. Qh5+ g6 12. Qh6 Kf7 13. Nd2 Ng8 14. Qh3 Nf6
15. Nf3 a5 16. a3 Ra6 17. Bd2 a4 18. Ba2 Kg7 19. Rae1 Re8 20. Ne5 Rae6 21. Qf3
b5 22. Re2 Bb7 23. h3 Bd6 24. Rfe1 Qc7 25. Qf2 Kg8 26. Kh1 Nh5 27. g4 fxg4 28.
hxg4 Nf6 29. Qh4 Qxc2 30. Bc3 dxc3 31. Rxc2 1-0

[Event "4NCL"]
[Site "De Vere, Sunningdale, ENG"]
[Date "2011.02.19"]
[Round "5.36"]
[White "Hall, Antony C"]
[Black "Donaghay, Richard H"]
[Result "1/2-1/2"]
[WhiteElo "1970"]
[BlackElo "1983"]
[PlyCount "111"]
[EventDate "2011.??.??"]
[WhiteTeam "Anglian Avengers 2"]
[BlackTeam "Iceni"]

1. e4 d5 2. exd5 Nf6 3. Nc3 Nxd5 4. Qf3 Nf6 5. Bc4 Nbd7 6. Qg3 c6 7. Nf3 Nb6 8.
Bb3 Bf5 9. Qe5 e6 10. h3 Bd6 11. Qe2 Qc7 12. d3 h6 13. Bd2 O-O 14. g4 Bh7 15.
g5 hxg5 16. Nxg5 Bf4 17. O-O-O Bf5 18. Qf3 Nbd5 19. Nge4 Bxd2+ 20. Rxd2 b5 21.
Rg1 Bg6 22. Nxf6+ Nxf6 23. Bxe6 Bh5 24. Qxf6 fxe6 25. Qxe6+ Qf7 26. Qxf7+ Rxf7
27. Rg5 g6 28. Ne4 Re8 29. b3 Kh7 30. Rxh5+ gxh5 31. Ng5+ Kg6 32. Nxf7 Kxf7 33.
Kd1 Kf6 34. Re2 Rg8 35. Kd2 Rg1 36. Re1 Rg2 37. Rh1 Rxf2+ 38. Kc3 a5 39. a3 b4+
40. axb4 axb4+ 41. Kxb4 Rxc2 42. Rg1 Kf5 43. h4 Ke5 44. Rg5+ Kd4 45. Rxh5 Rc3
46. Rg5 c5+ 47. Ka4 Rxd3 48. Rg4+ Kd5 49. Rg5+ Kc6 50. h5 Rh3 51. Rg6+ Kd5 52.
Rh6 Rh4+ 53. Ka3 Rh3 54. Ka4 Rh4+ 55. Ka3 Rh3 56. Ka4 1/2-1/2